000 00488 a2200181 4500
001 130806
020 _a85-02-01273-8
040 _cLeonardo Da Vinci
041 _aPortuguês
082 _ar342 B327d
_bB327d
100 _aBASTOS, Celso Ribeiro
245 _aDicionário de direito constitucional
260 _bSaraiva
_c1994
_aSão Paulo
300 _a224
362 _a19940000
697 _aReferência
_aDicionário
_aDireito
_aDireito constitucional
_aBrasil
_aFIPEN
942 _cBK
999 _c130806
_d130806